Kvantitatívna analýza stavu a vývoja konkurenčného prostredia v bankovom sektore Slovenska

Použitím kvantitatívnych metód a modelového aparátu mikroekonomickej analýzy zhodnotenie stavu konkurenčného prostredia a analýza stupňa koncentrácie v bankovom sektore Slovenskej republiky. Herfindahlov – Hirschmanov index.

Gespeichert in:
Bibliographische Detailangaben
1. Verfasser: Fendeková, Eleonora, 1952-
Format: Buchkapitel
Sprache:Slowakisch
Schlagworte:
Tags: Tag hinzufügen
Keine Tags, Fügen Sie das erste Tag hinzu!

MARC

LEADER 00000nla a2200000 4500
001 0240112
005 20240502073908.9
041 0 |a slo 
044 |a SK 
245 1 0 |a Kvantitatívna analýza stavu a vývoja konkurenčného prostredia v bankovom sektore Slovenska  |c Eleonora Fendeková 
520 |a Použitím kvantitatívnych metód a modelového aparátu mikroekonomickej analýzy zhodnotenie stavu konkurenčného prostredia a analýza stupňa koncentrácie v bankovom sektore Slovenskej republiky. Herfindahlov – Hirschmanov index. 
610 2 0 |a banky 
610 2 0 |a konkurencia 
610 2 0 |a konkurencieschopnosť 
610 2 0 |a analýza kvantitatívna 
610 2 0 |a ukazovatele kvantitatívne 
610 2 0 |a metódy ekonomicko-matematické 
100 1 |a Fendeková, Eleonora, 1952-